000 00789cam a22002773a 4500
001 1913
003 PGUSA
005 20140828083008.0
008 991001s1999||||xxu|||||s|||||000 1 eng d
040 _aPGUSA
_beng
042 _adc
050 4 _aPS
100 1 _aMacGrath, Harold,
_d1871-1932
245 1 4 _aThe Drums of Jeopardy
_h[electronic resource] /
_cHarold MacGrath
260 _bProject Gutenberg,
_c1999
506 _aPublic domain in the USA.
516 _aElectronic text
653 _aJewel thieves -- Fiction
653 _aPrecious stones -- Fiction
653 _aAnarchists -- Fiction
653 _aSuspense fiction
653 _aNew York (N.Y.) -- Fiction
830 0 _aProject Gutenberg
_v1913
856 4 0 _uhttp://www.gutenberg.org/ebooks/1913
942 _cEB
999 _c231256
_d231256